00450 2200181 4500001002100000005001500021008004100036035001900077041000700096082001000103090001600113100002000129245003200149260003100181300002900212500001100241650001600252INLIS00000000000145420241224112343241224||||||||| | ||| |||| || |  0010-1224001454 aid0 a398.2 a398.2 TIR d0 aTira Ikranegara00aMaling Kundang anak Durhaka aSurabayabSerba Jayac2008 a64 hlm. : ilusi. ; 21 cm aCet. 1 0aIlmu Sosial